000 00826nam a2200205Ia 4500
001 11330
003 GE_BSU
008 181216s||||||||xx |||||||||||||| ||und||
040 _cGE_BSU
080 _a631.452
100 _aცხომარია დ.
245 _aნიადაგის ნაყოფიერება და მიწათმოქმედების კულტურა
245 _cრედ: ა. ჯაფარიძე, მხატვ: ა. ჭანტურია
260 _aთბილისი
260 _bსაბჭოთა საქართველო
260 _c1970
300 _a254გვ.20სმ.
653 _aნიადაგის ნაყოფიერება და მიწათმოქმედების კულტურა
942 _cBK
999 _c44527
_d44527